| 000 | 00589cam a22002291a 4500 | ||
|---|---|---|---|
| 001 | sa 68013888 | ||
| 003 | DLC | ||
| 005 | 20260227112627.0 | ||
| 008 | 950323s1965 io 000 1 jav | ||
| 010 | _asa 68013888 | ||
| 025 | _aPL480:Indo-4720 | ||
| 035 | _a(OCoLC)32192517 | ||
| 040 |
_aDLC _cWU _dDLC |
||
| 042 | _apremarc | ||
| 050 | 0 | 0 |
_aPL5179.W5 _bJ3 |
| 100 | 1 | _aWidajat, Widi. | |
| 245 | 1 | 0 |
_aJa bungah, ja susah / _cgambar: Jono S. Wijono. |
| 250 | _aTjap-Tjapan 1. | ||
| 260 |
_aJogjakarta : _b"Puspa Rahaju," _c1965. |
||
| 300 |
_a42 p. ; _c14 cm. |
||
| 500 | _aFiction. | ||
| 999 |
_c85424 _d85424 |
||